Statistics for Super Trouper - ABBA (All Lyrics)

Click here to take the quiz!

General Stats

  • This quiz has been taken 2,171 times
    (2,091 since last reset)
  • The average score is 244 of 305

Answer Stats

Answer% Correct
a
99%
Super
99%
Trouper
99%
I
98%
The
97%
the
97%
are
96%
me
96%
me,
96%
you
96%
you.
96%
Like
95%
like
95%
gonna
94%
in
92%
so
92%
So
92%
do.
91%
do
91%
feel
91%
always
89%
lights
89%
be
87%
find
87%
on
87%
there
87%
There
87%
there's
87%
And
86%
and
86%
to
86%
crowd
85%
somewhere
85%
'Cause
84%
when
84%
but
83%
But
83%
night
83%
blue.
81%
won't
80%
blind
79%
of
79%
one.
79%
was
79%
last
78%
number
78%
every
77%
is
77%
Tonight
77%
tonight.
77%
feeling
76%
from
76%
All
75%
shining
75%
called
73%
Everything
73%
everything,
73%
Glasgow.
73%
I'm
73%
tired
73%
sick
72%
sing,
72%
fun,
71%
having
71%
your
71%
sun,
70%
sleep
69%
smiling,
68%
show
67%
show.
67%
eat
66%
wishing
65%
stage
64%
it's
63%
beams
62%
alright.
56%
different
56%
different,
56%
I'll
54%
hear
53%
suddenly
52%
will
52%
arms
50%
coming,
50%
know
50%
you're
50%
glad
49%
hold
49%
still
49%
Still
49%
arrive.
48%
star,
48%
tight,
47%
alive.
46%
can
46%
that
45%
think
45%
going
44%
How
44%
take
44%
lonely?
43%
much
41%
anyone
40%
imagine
40%
never
40%
sight
40%
friends.
39%
thinking
39%
thousand
38%
about
37%
mean
37%
twenty
37%
ends.
36%
only.
35%
prove
35%
crazy.
34%
Facing
34%
success
33%
Part
31%
moments
30%

Score Distribution

Percentile by Number Answered

Percent of People with Each Score

Your Score History

You have not taken this quiz since the last reset